[Event "Luc Bourbonnais mem. U1400"]
[Site "Gatineau CAN"]
[Date "2022.09.27"]
[Round "3"]
[White "Simchowitz, Wladimir"]
[Black "Jacques, Olivier"]
[Result "0-1"]
[WhiteElo "1162"]
[BlackElo "1182"]
[PlyCount "68"]
[EventDate "2022.09.13"]
[EventType "swiss"]
[EventRounds "5"]
[EventCountry "CAN"]

1. e4 d5 2. exd5 Qxd5 3. Nc3 Qa5 4. Nf3 Nf6 5. d4 Bf5 6. g3 e6 7. Bg2 c6 8. O-O
Nbd7 9. Nh4 Bg4 10. Bf3 Bxf3 11. Nxf3 Qc7 12. Bf4 Bd6 13. Be5 Nxe5 14. dxe5
Bxe5 15. Qe2 Bxc3 16. bxc3 O-O 17. Qd3 Rfd8 18. Qc4 h6 19. Rad1 Nd5 20. Rd4 a5
21. Rg4 b5 22. Qd4 e5 23. Nxe5 Nf6 24. Qf4 Nxg4 25. Nxg4 Qxf4 26. gxf4 Rd2 27.
Ne3 Rad8 28. Nf5 c5 29. Rb1 b4 30. cxb4 axb4 31. c3 bxc3 32. Rb5 Rb2 33. Rxc5
c2 34. Ne3 Rb1+ 0-1

[Event "Luc Bourbonnais mem. U1400"]
[Site "Gatineau CAN"]
[Date "2022.09.27"]
[Round "3"]
[White "Simchowitz, Yves"]
[Black "Arcand, Pierre"]
[Result "1/2-1/2"]
[WhiteElo "991"]
[BlackElo "1182"]
[PlyCount "102"]
[EventDate "2022.09.13"]
[EventType "swiss"]
[EventRounds "5"]
[EventCountry "CAN"]

1. e4 e5 2. Nf3 Nc6 3. Bc4 h6 4. d4 d6 5. d5 Nb8 6. Be3 Bg4 7. h3 Bh5 8. g4 Bg6
9. Nc3 Nf6 10. Qd3 Be7 11. O-O-O c6 12. g5 hxg5 13. Nxg5 Nxd5 14. Nxd5 Bxg5 15.
Bxg5 Qxg5+ 16. Ne3 Qe7 17. Qxd6 Qxd6 18. Rxd6 Bxe4 19. Rhd1 O-O 20. Rd8 Na6 21.
Rxa8 Rxa8 22. Bxa6 bxa6 23. Rd7 Kf8 24. Nc4 Bf5 25. Rc7 Bxh3 26. Nxe5 f6 27.
Nxc6 Rc8 28. Rxc8+ Bxc8 29. Nxa7 Bb7 30. b4 Ke8 31. b5 Kd7 32. c4 Kc7 33. c5
axb5 34. Nxb5+ Kc6 35. Nd6 Ba6 36. Ne8 Kxc5 37. Nxg7 Kd5 38. Kd2 Ke5 39. Ke3 f5
40. f4+ Kf6 41. Nh5+ Ke6 42. Kd4 Be2 43. Ng3 Ba6 44. a4 Bb7 45. a5 Ba6 46. Kc5
Bd3 47. Kb6 Kd6 48. a6 Bxa6 49. Kxa6 Kd5 50. Nh5 Ke4 51. Kb6 Kf3 1/2-1/2

[Event "Luc Bourbonnais mem. U1400"]
[Site "Gatineau CAN"]
[Date "2022.10.04"]
[Round "4"]
[White "Bernard, Pierre-Luc"]
[Black "Simard, Paul"]
[Result "1-0"]
[WhiteElo "1258"]
[BlackElo "1255"]
[PlyCount "37"]
[EventDate "2022.09.13"]
[EventType "swiss"]
[EventRounds "5"]
[EventCountry "CAN"]
[TimeControl "60/30:0"]

1. e4 c5 2. Bc4 d6 3. Nf3 Nf6 4. Nc3 g6 5. O-O Bg7 6. Ng5 e6 7. Re1 O-O 8. d3
a6 9. e5 dxe5 10. Rxe5 Nfd7 11. Re1 b5 12. Bb3 Bb7 13. Nce4 Bxe4 14. Rxe4 Re8
15. Qf3 Ne5 16. Rxe5 f6 17. Rxe6 Rxe6 18. Nxe6 Qe7 19. Qxa8 1-0

[Event "Luc Bourbonnais mem. U1400"]
[Site "Gatineau CAN"]
[Date "2022.10.04"]
[Round "4"]
[White "Chartrand, Alexis"]
[Black "Levesque, Sabin"]
[Result "1-0"]
[WhiteElo "1107"]
[BlackElo "1034"]
[PlyCount "41"]
[EventDate "2022.09.13"]
[EventType "swiss"]
[EventRounds "5"]
[EventCountry "CAN"]
[TimeControl "60/30:0"]

1. d4 d6 2. c4 Nf6 3. Nf3 Nbd7 4. g3 e5 5. Bg2 Nb6 6. dxe5 d5 7. exf6 Qxf6 8.
cxd5 Bc5 9. Be3 Nd7 10. Bxc5 Nxc5 11. Qc2 Nd7 12. Bh3 O-O 13. Bxd7 Bxd7 14. Nc3
Rfe8 15. Ne4 c6 16. Nxf6+ gxf6 17. dxc6 bxc6 18. Qc5 Red8 19. Qe7 Bh3 20. Qxf6
Re8 21. Qxc6 1-0

[Event "Luc Bourbonnais mem. U1400"]
[Site "Gatineau CAN"]
[Date "2022.10.04"]
[Round "4"]
[White "Fiset, Daniel"]
[Black "Albert, Michel"]
[Result "0-1"]
[WhiteElo "1348"]
[BlackElo "1118"]
[PlyCount "58"]
[EventDate "2022.09.13"]
[EventType "swiss"]
[EventRounds "5"]
[EventCountry "CAN"]
[TimeControl "60/30:0"]

1. e4 e6 2. d4 d5 3. Nc3 c5 4. Nf3 a6 5. Be3 Bd6 6. dxc5 Bc7 7. exd5 exd5 8.
Nxd5 Nf6 9. Nxc7+ Qxc7 10. Bc4 O-O 11. O-O Nc6 12. Qe2 Bg4 13. Rad1 Rad8 14.
Rd3 Ne5 15. Rxd8 Rxd8 16. h3 Bh5 17. g4 Bxg4 18. hxg4 Nfxg4 19. Nxe5 Nxe5 20.
Bb3 Re8 21. Bd4 Kf8 22. Re1 f6 23. f4 Nf3+ 24. Qxf3 Rxe1+ 25. Kf2 Re8 26. Qg3
Qe7 27. Bc4 Qe1+ 28. Kg2 Qe4+ 29. Kh3 Qxd4 0-1

[Event "Luc Bourbonnais mem. U1400"]
[Site "Gatineau CAN"]
[Date "2022.10.04"]
[Round "4"]
[White "Jacques, Olivier"]
[Black "Vachon, Jean-Clement"]
[Result "1-0"]
[WhiteElo "1182"]
[BlackElo "1243"]
[PlyCount "97"]
[EventDate "2022.09.13"]
[EventType "swiss"]
[EventRounds "5"]
[EventCountry "CAN"]
[TimeControl "60/30:0"]

1. e4 d5 2. exd5 Qxd5 3. Nc3 Qa5 4. d4 Bf5 5. Nf3 Nf6 6. Bc4 e6 7. Bd2 c6 8.
Ne4 Qc7 9. Nxf6+ gxf6 10. Qe2 Nd7 11. O-O-O O-O-O 12. Nh4 Bg6 13. Bb3 Bd6 14.
g3 Rde8 15. Qf3 Re7 16. Rhe1 Rf8 17. Kb1 e5 18. Nxg6 fxg6 19. d5 c5 20. h4 f5
21. h5 e4 22. Qh1 Nf6 23. hxg6 hxg6 24. Bg5 Re5 25. f4 exf3 26. Rxe5 Bxe5 27.
Bxf6 Rxf6 28. Qxf3 Bxg3 29. Qh1 b5 30. c4 a6 31. a4 b4 32. Rg1 Rf8 33. Qh3 Be5
34. Rxg6 Kb7 35. Rh6 Qg7 36. Rh7 Rh8 37. Rxg7+ Bxg7 38. Qxf5 Rh1+ 39. Ka2 Bc3
40. bxc3 Rh2+ 41. Bc2 bxc3 42. Kb3 Kb6 43. Qf6+ Kb7 44. Qe7+ Ka8 45. d6 Rd2 46.
d7 Rxd7 47. Qxd7 a5 48. Be4+ Kb8 49. Qb7# 1-0

[Event "Luc Bourbonnais mem. U1400"]
[Site "Gatineau CAN"]
[Date "2022.10.04"]
[Round "4"]
[White "Roussel-Lewis, Mathieu"]
[Black "Gratton, Constant"]
[Result "1-0"]
[WhiteElo "1292"]
[BlackElo "1278"]
[PlyCount "49"]
[EventDate "2022.09.13"]
[EventType "swiss"]
[EventRounds "5"]
[EventCountry "CAN"]
[TimeControl "60/30:0"]

1. e4 e5 2. Nf3 Nc6 3. Bb5 Nd4 4. Nc3 c6 5. Bc4 Nf6 6. d3 Bd6 7. Be3 Nxf3+ 8.
Qxf3 O-O 9. d4 b5 10. Bd3 b4 11. Ne2 Qa5 12. O-O Ba6 13. Bxa6 Qxa6 14. c3 bxc3
15. bxc3 Rab8 16. Ng3 exd4 17. Bxd4 Be7 18. e5 Nd5 19. Nf5 Rb2 20. Qg4 g6 21.
c4 Rxa2 22. Rxa2 Qxa2 23. cxd5 Bb4 24. e6 fxe6 25. Nh6# 1-0

[Event "Luc Bourbonnais mem. U1400"]
[Site "Gatineau CAN"]
[Date "2022.10.11"]
[Round "5"]
[White "Albert, Michel"]
[Black "Fiset, Daniel"]
[Result "0-1"]
[WhiteElo "1118"]
[BlackElo "1348"]
[PlyCount "66"]
[EventDate "2022.09.13"]
[EventType "swiss"]
[EventRounds "5"]
[EventCountry "CAN"]

1. d4 d5 2. Bf4 Bf5 3. e3 Nc6 4. Nf3 e6 5. c3 Nf6 6. Bb5 Be7 7. Ne5 O-O 8. Bxc6
bxc6 9. Nxc6 Qe8 10. Nxe7+ Qxe7 11. O-O Rab8 12. b4 Ne4 13. Nd2 Nxc3 14. Qf3
Be4 15. Nxe4 dxe4 16. Qh5 Rxb4 17. Qa5 Ne2+ 18. Kh1 Nxf4 19. exf4 c6 20. Rad1
Rd8 21. Qc5 Qxc5 22. dxc5 Rxd1 23. Rxd1 g6 24. g3 Rb2 25. Kg2 Rxa2 26. Rd6 e3
27. Kf1 Rxf2+ 28. Kg1 Rd2 29. Rxc6 Rd1+ 30. Kg2 e2 31. Rc8+ Kg7 32. c6 e1=Q 33.
c7 Qf1# 0-1

[Event "Luc Bourbonnais mem. U1400"]
[Site "Gatineau CAN"]
[Date "2022.10.11"]
[Round "5"]
[White "Gratton, Constant"]
[Black "Chenard, Paul"]
[Result "1-0"]
[WhiteElo "1278"]
[BlackElo "1072"]
[PlyCount "73"]
[EventDate "2022.09.13"]
[EventType "swiss"]
[EventRounds "5"]
[EventCountry "CAN"]
[TimeControl "60/30:0"]

1. e4 e5 2. Nf3 Nc6 3. Bb5 a6 4. Bxc6 bxc6 5. Nc3 Nf6 6. Nxe5 Qe7 7. d4 d5 8.
Nxc6 Qd6 9. Ne5 Bb7 10. exd5 Nxd5 11. O-O O-O-O 12. Nxf7 Qd7 13. Nxh8 Bd6 14.
Ng6 hxg6 15. Nxd5 Bxd5 16. a3 Bxh2+ 17. Kxh2 Rh8+ 18. Kg1 Qd6 19. f3 Qh2+ 20.
Kf2 Rh3 21. Bf4 Qxf4 22. gxh3 Qh2+ 23. Ke1 Qg3+ 24. Rf2 Qg1+ 25. Ke2 Bc4+ 26.
Ke3 Qg5+ 27. f4 Qe7+ 28. Kf3 Bd5+ 29. Kg3 Qe3+ 30. Rf3 Qe4 31. Qd3 Qe6 32. Qe3
Qd7 33. Re1 g5 34. Qe8+ Qxe8 35. Rxe8+ Kd7 36. Rfe3 Bf7 37. R8e7+ 1-0

[Event "Luc Bourbonnais mem. U1400"]
[Site "Gatineau CAN"]
[Date "2022.10.11"]
[Round "5"]
[White "Levesque, Sabin"]
[Black "Jacques, Olivier"]
[Result "0-1"]
[WhiteElo "1034"]
[BlackElo "1182"]
[PlyCount "60"]
[EventDate "2022.09.13"]
[EventType "swiss"]
[EventRounds "5"]
[EventCountry "CAN"]
[TimeControl "60/30:0"]

1. d4 d5 2. Nf3 c6 3. Bf4 Nf6 4. Nc3 Bf5 5. e3 e6 6. a3 Nbd7 7. Bd3 Bxd3 8.
cxd3 Be7 9. Ne5 O-O 10. O-O c5 11. Ng4 cxd4 12. Nb5 Rc8 13. Nxa7 Ra8 14. Qa4
Nxg4 15. Qxd4 Bf6 16. Qb4 Rxa7 17. Rac1 Qb6 18. Rc7 Qxb4 19. axb4 Nge5 20. Rfc1
Nxd3 21. Bd6 Nxc1 22. Rxd7 Ra1 23. h3 Rfa8 24. Rxb7 Nd3+ 25. Kh2 Be5+ 26. f4
Bxd6 27. b5 f6 28. Rd7 Bb8 29. b6 Nc5 30. Re7 Kf8 0-1

[Event "Luc Bourbonnais mem. U1400"]
[Site "Gatineau CAN"]
[Date "2022.10.11"]
[Round "5"]
[White "Simard, Paul"]
[Black "Roussel-Lewis, Mathieu"]
[Result "0-1"]
[WhiteElo "1255"]
[BlackElo "1292"]
[PlyCount "92"]
[EventDate "2022.09.13"]
[EventType "swiss"]
[EventRounds "5"]
[EventCountry "CAN"]
[TimeControl "60+30"]

1. d4 d5 2. Bf4 e6 3. Nf3 c5 4. e3 Nc6 5. c4 Nf6 6. h3 cxd4 7. Nxd4 Nxd4 8.
Qxd4 Bb4+ 9. Nd2 O-O 10. Be2 Ne4 11. cxd5 Bxd2+ 12. Kd1 Nxf2+ 13. Kxd2 Nxh1 14.
Rxh1 Qxd5 15. Qxd5 exd5 16. Rc1 Bf5 17. Rc5 Be4 18. g4 Rac8 19. Rxc8 Rxc8 20.
Bd1 Rd8 21. Ke2 d4 22. exd4 Rxd4 23. Bb3 Bc6 24. Be3 Re4 25. Kf2 a5 26. Bc2 Rb4
27. b3 Rb5 28. a4 Rd5 29. Kg3 b5 30. axb5 Rxb5 31. h4 Bd5 32. b4 axb4 33. g5 b3
34. Bxb3 Bxb3 35. Bf4 h6 36. gxh6 gxh6 37. Bd6 Rb4 38. Be5 Kh7 39. Bf4 Kg6 40.
Kf3 f5 41. Kg3 Kh5 42. Kf3 Bc2 43. Kg3 Rxf4 44. Kxf4 Kxh4 45. Ke5 Kg3 46. Kf6
f4 0-1

[Event "Luc Bourbonnais mem. U1400"]
[Site "Gatineau CAN"]
[Date "2022.10.11"]
[Round "5"]
[White "Sosa, Byron"]
[Black "Chartrand, Alexis"]
[Result "0-1"]
[WhiteElo "720"]
[BlackElo "1107"]
[PlyCount "56"]
[EventDate "2022.09.13"]
[EventType "swiss"]
[EventRounds "5"]
[EventCountry "CAN"]
[TimeControl "60/30:0"]

1. e4 c5 2. Nf3 d6 3. d4 cxd4 4. Nxd4 Nf6 5. Bc4 d5 6. Bb5+ Bd7 7. Nc3 e5 8.
Nf5 d4 9. Nxd4 Bxb5 10. Ndxb5 Qxd1+ 11. Kxd1 Kd8 12. f3 Nc6 13. Bg5 a6 14. Nd5
axb5 15. Nxf6 Be7 16. Nxh7 Rxh7 17. Bxe7+ Kxe7 18. Ke2 Nd4+ 19. Kf2 Nxc2 20.
Rac1 Rc8 21. Rhd1 Rxh2 22. Kg1 Rch8 23. Kf2 R8h3 24. Rxc2 Rh1 25. gxh3 Rh2+ 26.
Ke1 Rxc2 27. Rb1 Rh2 28. a3 Rh1+ 0-1

[Event "Luc Bourbonnais mem. U1400"]
[Site "Gatineau CAN"]
[Date "2022.10.11"]
[Round "5"]
[White "Yang, James"]
[Black "Bernard, Pierre-Luc"]
[Result "1/2-1/2"]
[WhiteElo "1300"]
[BlackElo "1258"]
[PlyCount "93"]
[EventDate "2022.09.13"]
[EventType "swiss"]
[EventRounds "5"]
[EventCountry "CAN"]
[TimeControl "60/30:0"]

1. d4 g6 2. e3 Bg7 3. Bc4 Nf6 4. Nf3 d6 5. h3 O-O 6. O-O Nc6 7. d5 Ne5 8. Nxe5
dxe5 9. e4 Nxe4 10. Re1 Nd6 11. Qd3 Bf5 12. Qb3 Nxc4 13. Qxc4 e6 14. Nc3 Bxc2
15. dxe6 Bd3 16. exf7+ Rxf7 17. Qb3 Ba6 18. Ne4 h6 19. Qg3 g5 20. Nc5 Qd5 21.
Nxa6 bxa6 22. b3 e4 23. Rb1 Raf8 24. Ba3 c5 25. Rbd1 Qf5 26. Rd2 Bc3 27. Qxc3
g4 28. Bxc5 Rc8 29. b4 gxh3 30. Qg3+ Qg5 31. gxh3 Qxg3+ 32. fxg3 Rf3 33. Rxe4
Rxg3+ 34. Rg2 Rxg2+ 35. Kxg2 a5 36. Bxa7 axb4 37. Rxb4 Rc2+ 38. Kg3 Rxa2 39.
Be3 Ra3 40. Kf4 Kh7 41. h4 Ra8 42. Rb6 Rf8+ 43. Ke5 Re8+ 44. Kf6 Rxe3 45. Rb7+
Kh8 46. Kg6 Re6+ 47. Kh5 1/2-1/2

[Event "Maplewood inv."]
[Site "Waterloo CAN"]
[Date "2022.11.14"]
[Round "1"]
[White "Liang, Jason"]
[Black "Kantans, Toms"]
[Result "1/2-1/2"]
[WhiteElo "2492"]
[BlackElo "2517"]
[PlyCount "98"]
[EventDate "2022.11.14"]
[EventType "tourn"]
[EventRounds "9"]
[EventCountry "CAN"]

1. e4 c5 2. Nf3 d6 3. d4 cxd4 4. Nxd4 Nf6 5. Nc3 a6 6. a4 g6 7. Be2 Bg7 8. O-O
O-O 9. Be3 Nc6 10. Re1 Bd7 11. Kh1 Rc8 12. f4 Nxd4 13. Bxd4 e5 14. fxe5 dxe5
15. Be3 Bc6 16. Qxd8 Rfxd8 17. Bd3 b5 18. Bg5 Rd4 19. axb5 axb5 20. Bxf6 Bxf6
21. Rf1 Bg5 22. Bxb5 Bxe4 23. Nxe4 Rxe4 24. Bd3 Rd4 25. Rae1 Rc5 26. b3 f5 27.
Bc4+ Kg7 28. Rd1 Bd2 29. Rf2 Bc3 30. Rxd4 Bxd4 31. Rd2 Ra5 32. h4 Ra1+ 33. Kh2
f4 34. Be2 Kf6 35. Rd1 Ra7 36. Bd3 Bf2 37. h5 g5 38. Kh3 g4+ 39. Kxg4 Rg7+ 40.
Kf3 Bd4 41. g4 fxg3 42. h6 Rg5 43. Kg2 Bf2 44. Bxh7 Rh5 45. Rh1 Rxh1 46. Kxh1
Kg5 47. Kg2 Kxh6 48. Bd3 Kg5 49. Kf3 Kf6 1/2-1/2

[Event "Maplewood inv."]
[Site "Waterloo CAN"]
[Date "2022.11.14"]
[Round "1"]
[White "Ortiz Suarez, Isan Reynaldo"]
[Black "Bosiocic, Marin"]
[Result "0-1"]
[WhiteElo "2520"]
[BlackElo "2536"]
[PlyCount "88"]
[EventDate "2022.11.14"]
[EventType "tourn"]
[EventRounds "9"]
[EventCountry "CAN"]

1. e4 c5 2. Nc3 Nc6 3. Bb5 Nd4 4. Nf3 e6 5. Nxd4 cxd4 6. Ne2 Qg5 7. Bd3 Qxg2 8.
Ng3 Qh3 9. b3 Ne7 10. Bb2 Nc6 11. f4 h5 12. Qf3 Qg4 13. Qf2 b6 14. Ne2 Nb4 15.
Rg1 Nxd3+ 16. cxd3 Qh3 17. Rg3 Qh4 18. Bxd4 Rh7 19. O-O-O Ba6 20. Kb2 Qe7 21.
Rc1 h4 22. Rh3 Qa3+ 23. Kb1 Qa5 24. Bc3 Qh5 25. f5 Ba3 26. Nf4 Qh6 27. Rg1 Be7
28. Rf3 O-O-O 29. Ne2 exf5 30. exf5 Bc5 31. d4 Bd6 32. Nc1 Bb7 33. Re3 Qf4 34.
Qxf4 Bxf4 35. Re2 h3 36. Nd3 Bc7 37. Ne1 Rg8 38. Rg4 Rh5 39. Rf2 f6 40. Nc2 Bg2
41. Ne3 Bxh2 42. Nxg2 Bg1 43. Rf1 h2 44. Nf4 Rxf5 0-1

[Event "Maplewood inv."]
[Site "Waterloo CAN"]
[Date "2022.11.14"]
[Round "1"]
[White "Plotkin, Mark"]
[Black "Samsonkin, Artiom"]
[Result "0-1"]
[WhiteElo "2361"]
[BlackElo "2421"]
[PlyCount "74"]
[EventDate "2022.11.14"]
[EventType "tourn"]
[EventRounds "9"]
[EventCountry "CAN"]

1. d4 Nf6 2. c4 e6 3. Nf3 Bb4+ 4. Bd2 Qe7 5. g3 Nc6 6. Bg2 Bxd2+ 7. Nbxd2 d6 8.
O-O e5 9. d5 Nb8 10. e4 a5 11. c5 O-O 12. cxd6 cxd6 13. Nc4 Nbd7 14. Nfd2 b5
15. Ne3 Nc5 16. Qe2 b4 17. Rac1 Ba6 18. Ndc4 g6 19. Qc2 a4 20. b3 axb3 21. axb3
Rfe8 22. Rfd1 Nfd7 23. Bh3 Bb5 24. Ra1 Nf6 25. f3 h5 26. Rdc1 Rxa1 27. Rxa1 h4
28. Ra5 Rb8 29. Bg4 hxg3 30. hxg3 Kg7 31. Qa2 Bxc4 32. Nxc4 Nxg4 33. fxg4 Qg5
34. Ra7 Rh8 35. Rxf7+ Kxf7 36. Nxd6+ Ke7 37. Qa7+ Nd7 0-1

[Event "Maplewood inv."]
[Site "Waterloo CAN"]
[Date "2022.11.14"]
[Round "1"]
[White "Rodrigue-Lemieux, Shawn"]
[Black "Noritsyn, Nikolay"]
[Result "1/2-1/2"]
[WhiteElo "2465"]
[BlackElo "2446"]
[PlyCount "150"]
[EventDate "2022.11.14"]
[EventType "tourn"]
[EventRounds "9"]
[EventCountry "CAN"]

1. e4 e5 2. Nf3 Nc6 3. Bb5 a6 4. Ba4 Nf6 5. d3 d6 6. O-O Be7 7. c4 Bg4 8. Be3
O-O 9. Nbd2 Rb8 10. Qc1 Bd7 11. h3 Nd4 12. Bxd4 Bxa4 13. Ba7 Rc8 14. Be3 c5 15.
Nb1 Bc6 16. Nc3 b5 17. Nd2 Re8 18. Qc2 Nh5 19. b3 Qd7 20. a4 b4 21. Nd5 Bxd5
22. cxd5 f5 23. Nc4 Rcd8 24. f4 exf4 25. Bxf4 fxe4 26. dxe4 Nxf4 27. Rxf4 Bg5
28. Rf5 Bf6 29. Raf1 Qe7 30. R5f4 Be5 31. R4f3 h6 32. Na5 Rd7 33. Nc6 Bd4+ 34.
Nxd4 cxd4 35. Qc6 Rdd8 36. Rf4 Qa7 37. Kh1 d3 38. Rd1 Rf8 39. Rxf8+ Rxf8 40.
Qc4 Qe3 41. Qxd3 Qxd3 42. Rxd3 Rf1+ 43. Kh2 Re1 44. Rd4 a5 45. Rc4 Kf7 46. Rc6
Rxe4 47. Rxd6 Re3 48. Ra6 Rxb3 49. Rxa5 Ra3 50. Ra7+ Kf6 51. d6 Rd3 52. Rb7
Rxd6 53. Rxb4 Rd3 54. a5 Ra3 55. Rb6+ Kf5 56. a6 h5 57. Rb5+ Kg6 58. Rb6+ Kf5
59. Kg1 h4 60. Kf2 g5 61. Ke2 Kf4 62. Rf6+ Ke5 63. Rg6 Kf5 64. Rc6 Kf4 65. Kd2
Ra2+ 66. Kc3 Kg3 67. Kb3 Ra1 68. Rc3+ Kxg2 69. Rc2+ Kxh3 70. Ra2 Rb1+ 71. Kc2
Rb8 72. Kd1 Kg3 73. a7 Ra8 74. Ke1 h3 75. Kf1 g4 1/2-1/2

[Event "Maplewood inv."]
[Site "Waterloo CAN"]
[Date "2022.11.14"]
[Round "1"]
[White "Sai Krishna, GV."]
[Black "Sambuev, Bator"]
[Result "0-1"]
[WhiteElo "2396"]
[BlackElo "2432"]
[PlyCount "64"]
[EventDate "2022.11.14"]
[EventType "tourn"]
[EventRounds "9"]
[EventCountry "CAN"]

1. e4 e5 2. Nf3 Nc6 3. Bb5 a6 4. Ba4 d6 5. O-O Bd7 6. d4 Nxd4 7. Bxd7+ Qxd7 8.
Nxd4 exd4 9. Qxd4 Nf6 10. Nc3 Be7 11. b3 O-O 12. Bb2 c6 13. Rad1 Rad8 14. Rd3
Ne8 15. Rg3 Bf6 16. Qd2 g6 17. f4 Bg7 18. f5 Nf6 19. Rh3 Qe7 20. Qf4 Qe5 21.
Qh4 h6 22. Bc1 g5 23. Bxg5 hxg5 24. Qxg5 Rfe8 25. Rf4 d5 26. Rfh4 Kf8 27. Rg3
Nxe4 28. Nxe4 dxe4 29. h3 Qa1+ 30. Kh2 Rd1 31. Rgg4 Rh1+ 32. Kg3 Qe1+ 0-1

[Event "Maplewood inv."]
[Site "Waterloo CAN"]
[Date "2022.11.15"]
[Round "2"]
[White "Bosiocic, Marin"]
[Black "Plotkin, Mark"]
[Result "1-0"]
[WhiteElo "2536"]
[BlackElo "2361"]
[PlyCount "106"]
[EventDate "2022.11.14"]
[EventType "tourn"]
[EventRounds "9"]
[EventCountry "CAN"]

1. Nf3 d5 2. g3 Nf6 3. Bg2 Bf5 4. O-O e6 5. d3 h6 6. c4 Nbd7 7. cxd5 exd5 8. e4
dxe4 9. dxe4 Bh7 10. e5 Ne4 11. Nc3 Ndc5 12. Nd4 Qd7 13. Nxe4 Bxe4 14. Bxe4
Nxe4 15. e6 fxe6 16. Qh5+ Ke7 17. Be3 Qd5 18. Qg6 c5 19. Ne2 Qf5 20. Nf4 Rg8
21. f3 Nf6 22. Rac1 b6 23. b4 Qxg6 24. Nxg6+ Kd7 25. Ne5+ Kd6 26. f4 cxb4 27.
Rfd1+ Ke7 28. Rc6 Rb8 29. Bd2 a5 30. Be3 g5 31. Bxb6 Rxb6 32. Rxb6 Nd5 33. Rb7+
Kd6 34. Nf7+ Kc5 35. fxg5 hxg5 36. Nd8 Rg6 37. Re1 Kc4 38. Nxe6 Bc5+ 39. Nxc5
Kxc5 40. Ra7 Kb6 41. Ra8 g4 42. Re5 Rd6 43. Rg5 Nc3 44. Rgxa5 Rd1+ 45. Kf2 Rd2+
46. Ke3 Rxh2 47. R8a6+ Kb7 48. Rg6 Nxa2 49. Rb5+ Kc7 50. Rf5 Rh8 51. Rf7+ Kb8
52. Rb6+ Kc8 53. Ra6 Re8+ 1-0

[Event "Maplewood inv."]
[Site "Waterloo CAN"]
[Date "2022.11.15"]
[Round "2"]
[White "Kantans, Toms"]
[Black "Ortiz Suarez, Isan Reynaldo"]
[Result "1/2-1/2"]
[WhiteElo "2396"]
[BlackElo "2520"]
[PlyCount "82"]
[EventDate "2022.11.14"]
[EventType "tourn"]
[EventRounds "9"]
[EventCountry "CAN"]

1. e4 c5 2. Nf3 d6 3. d4 cxd4 4. Nxd4 Nf6 5. Nc3 a6 6. Bg5 Nbd7 7. Bc4 Qb6 8.
Bb3 e6 9. Qd2 Be7 10. h4 Nc5 11. f3 Bd7 12. g4 Qc7 13. a3 b5 14. Ba2 Rb8 15. b4
Nb7 16. Nce2 Nd8 17. Rc1 Nc6 18. c4 Nxd4 19. Nxd4 Qb7 20. Bxf6 Bxf6 21. g5 Be7
22. Ke2 O-O 23. cxb5 axb5 24. Rc3 Rbc8 25. Rhc1 g6 26. Rxc8 Rxc8 27. Rxc8+ Qxc8
28. Nc2 h5 29. Ne3 Bf8 30. f4 Qc6 31. Bb1 Bg7 32. Bd3 Bd4 33. Kf3 Ba7 34. Bb1
Qb6 35. Qc3 Bc6 36. Ke2 d5 37. exd5 exd5 38. Qe5 Bb8 39. Qf6 Ba7 40. Qe5 Bb8
41. Qf6 Ba7 1/2-1/2

[Event "Maplewood inv."]
[Site "Waterloo CAN"]
[Date "2022.11.15"]
[Round "2"]
[White "Noritsyn, Nikolay"]
[Black "Liang, Jason"]
[Result "1/2-1/2"]
[WhiteElo "2446"]
[BlackElo "2492"]
[PlyCount "101"]
[EventDate "2022.11.14"]
[EventType "tourn"]
[EventRounds "9"]
[EventCountry "CAN"]

1. e4 c5 2. Nf3 e6 3. d4 cxd4 4. Nxd4 Nc6 5. Nc3 Qc7 6. Be3 a6 7. a3 b5 8. Nxc6
Qxc6 9. Bd3 Bb7 10. Qd2 Rc8 11. f3 Bc5 12. a4 bxa4 13. Bxc5 Qxc5 14. Nxa4 Qe5
15. Qb4 Bc6 16. Qc5 Qxc5 17. Nxc5 Ne7 18. Rxa6 Ng6 19. Kd2 Nh4 20. Rg1 g5 21.
b4 Ke7 22. Ra7 h5 23. Rb1 Ra8 24. Rxa8 Bxa8 25. Ra1 Rb8 26. b5 Kd6 27. Na6 Rc8
28. Bf1 f5 29. exf5 exf5 30. c4 g4 31. c5+ Ke7 32. fxg4 hxg4 33. g3 Nf3+ 34.
Ke3 Nxh2 35. Bd3 f4+ 36. gxf4 g3 37. Rg1 Rg8 38. Be4 Bxe4 39. Kxe4 Kd8 40. Rg2
Re8+ 41. Kd3 Nf1 42. Rg1 Re3+ 43. Kd4 Rf3 44. Ke4 Rf2 45. Nb4 Re2+ 46. Kd4 g2
47. Kd3 Re3+ 48. Kd4 Re2 49. Kd3 Re3+ 50. Kd4 Re2 51. Kd3 1/2-1/2

[Event "Maplewood inv."]
[Site "Waterloo CAN"]
[Date "2022.11.15"]
[Round "2"]
[White "Sai Krishna, GV."]
[Black "Rodrigue-Lemieux, Shawn"]
[Result "0-1"]
[WhiteElo "2396"]
[BlackElo "2465"]
[PlyCount "72"]
[EventDate "2022.11.14"]
[EventType "tourn"]
[EventRounds "9"]
[EventCountry "CAN"]

1. e4 c6 2. d4 d5 3. Nc3 dxe4 4. Nxe4 Nf6 5. Nxf6+ exf6 6. c3 Bf5 7. Ne2 Bd6 8.
Ng3 Be6 9. Bd3 O-O 10. O-O g6 11. Ne4 Be7 12. Bh6 Re8 13. f4 f5 14. Ng5 Bf8 15.
Bxf8 Kxf8 16. Nxh7+ Kg7 17. Ng5 Bd5 18. Qd2 f6 19. Nf3 Nd7 20. Nh4 Nf8 21. Qf2
Qd7 22. Qg3 Be4 23. Be2 Kf7 24. Rae1 Re7 25. Bc4+ Kg7 26. Re3 Rae8 27. Rfe1 Bc2
28. Qf2 Be4 29. Qe2 b5 30. Bb3 a5 31. a3 Ne6 32. Nxg6 Kxg6 33. Rxe4 Nxf4 34.
Qf3 Rxe4 35. Rf1 Ne2+ 36. Kh1 Rf4 0-1

[Event "Maplewood inv."]
[Site "Waterloo CAN"]
[Date "2022.11.15"]
[Round "2"]
[White "Sambuev, Bator"]
[Black "Samsonkin, Artiom"]
[Result "1/2-1/2"]
[WhiteElo "2432"]
[BlackElo "2421"]
[PlyCount "64"]
[EventDate "2022.11.14"]
[EventType "tourn"]
[EventRounds "9"]
[EventCountry "CAN"]

1. d4 Nf6 2. c4 e6 3. Nc3 Bb4 4. e3 O-O 5. Bd3 d5 6. Nf3 c5 7. O-O cxd4 8. exd4
dxc4 9. Bxc4 b6 10. Qe2 Bb7 11. Rd1 Bxc3 12. bxc3 Nbd7 13. Bb2 Qc7 14. Bd3 Rac8
15. c4 Rfe8 16. Rac1 Qf4 17. Nd2 Qg5 18. f3 Nh5 19. Ne4 Bxe4 20. Qxe4 f5 21.
Qe1 e5 22. dxe5 Nxe5 23. Bxe5 Rc5 24. h4 Qh6 25. Bxf5 Rcxe5 26. Be4 Nf6 27. Rd4
Nxe4 28. Rxe4 Rxe4 29. fxe4 Qf4 30. c5 Rxe4 31. Qc3 bxc5 32. Qxc5 Qe3+ 1/2-1/2

[Event "Maplewood inv."]
[Site "Waterloo CAN"]
[Date "2022.11.15"]
[Round "3"]
[White "Liang, Jason"]
[Black "Sai Krishna, GV."]
[Result "1-0"]
[WhiteElo "2492"]
[BlackElo "2396"]
[PlyCount "119"]
[EventDate "2022.11.14"]
[EventType "tourn"]
[EventRounds "9"]
[EventCountry "CAN"]

1. e4 e5 2. Nf3 Nc6 3. Bc4 Nf6 4. d3 h6 5. O-O d6 6. c3 g6 7. d4 Qe7 8. Re1 Bg7
9. a4 O-O 10. d5 Nb8 11. a5 Nh5 12. b4 Nf4 13. Bf1 g5 14. c4 Na6 15. Ba3 Kh8
16. Nc3 Rg8 17. c5 Bf8 18. Nd2 g4 19. g3 Nh3+ 20. Bxh3 gxh3 21. Qe2 dxc5 22.
bxc5 Qf6 23. Na4 c6 24. Nc4 Bg4 25. Qe3 cxd5 26. exd5 Qf3 27. Qxf3 Bxf3 28.
Nxe5 Bxd5 29. Nc3 Be6 30. Ne4 Rc8 31. Rac1 Nb8 32. Bb2 Bg7 33. Nd6 Rc7 34. Nb5
Re7 35. f4 Nc6 36. Nxc6 bxc6 37. Bxg7+ Kxg7 38. Nd6 Kf6 39. Rb1 Bd5 40. Rxe7
Kxe7 41. Nf5+ Kf6 42. Nxh6 Re8 43. Kf2 Be6 44. g4 Kg6 45. f5+ Kxh6 46. fxe6
Rxe6 47. Rb7 Re5 48. Rxa7 Rxc5 49. Rxf7 Rxa5 50. Kg3 Ra3+ 51. Kh4 Kg6 52. Rd7
c5 53. Rd6+ Kf7 54. Rc6 Rc3 55. g5 c4 56. g6+ Kf8 57. Kg5 Rc2 58. Kh6 Rxh2 59.
g7+ Kf7 60. Rc7+ 1-0